Antología : (Record no. 136878)

MARC details
000 -CABECERA
campo de control de longitud fija 00558nam a2200181 a 4500
005 - FECHA Y HORA DE LA ÚLTIMA TRANSACCIÓN
campo de control 20210219160408.0
008 - ELEMENTOS DE LONGITUD FIJA--INFORMACIÓN GENERAL
campo de control de longitud fija 081103s1981 mx r 000 0 spa d
035 ## - NÚMERO DE CONTROL DEL SISTEMA
Número de control de sistema UPN01000164766
049 ## - COLECCIÓN
Colección UNE
080 ## - NÚMERO DE CLASIFICACIÓN DECIMAL UNIVERSAL
Número de la Clasificación Decimal Universal 781 (866) GAB.
100 1# - ASIENTO PRINCIPAL--NOMBRE PERSONAL
Nombre de persona Gabor, Charles G.
245 00 - MENCIÓN DE TÍTULO
Título Antología :
Resto del título introducción a la música folklorica del Ecuador /
Mención de responsabilidad, etc. by Charles G. Gabor.
260 ## - PUBLICACIÓN, DISTRIBUCIÓN, ETC.
Lugar de publicación, distribución, etc. Quito :
Nombre del editor, distribuidor, etc. Banco Central del Ecuador,
Fecha de publicación, distribución, etc. 1981.
300 ## - DESCRIPCIÓN FÍSICA
Extensión 61 p.
500 ## - NOTA GENERAL
Nota general Programa Regional de Musicología.
690 ## - PUNTO DE ACCESO ADICIONAL DE MATERIA LOCAL--TÉRMINO DE MATERIA (OCLC, RLIN)
Término de materia o nombre geográfico como elemento inicial Musica folklorica - Ecuador
905 ## - TIPO DE MATERIAL
Tipo de material UNESCO

No items available.